[Event "2019 Standard Chess Dropout Tournament, Round 3"]
[Site "SchemingMind.com"]
[Date "2019.08.16"]
[Round "3"]
[White "pnwmusichound"]
[Black "Wojtek26"]
[Result "0-1"]
[WhiteCountry "USA"]
[BlackCountry "POL"]
[WhiteElo "1851"]
[WhiteRD "110"]
[BlackElo "1602"]
[BlackRD "65"]
[GameID "444729"]

1. e4 e5 2. Nf3 Nc6 3. Bc4 Nf6 4. Ng5 d5 5. exd5 Na5 6. Bb5+ Bd7 7. Qe2 Bd6 8. Nc3 c6 9. dxc6 Nxc6 10. Bxc6 Bxc6
11. O-O O-O 12. d3 h6 13. Nf3 Qc7 14. h3 Rfe8 15. Nh4 e4 16. Be3 exd3 17. cxd3 Bh2+ 18. Kh1 Bd6 19. Rac1 Be5 20. Qd2 Qe7
21. f3 Nd5 22. Nf5 Qf6 23. g4 Ne7 24. Nxe7+ Rxe7 25. Kg2 Rd8 26. Bxa7 Bf4 27. Ne4 Bxe4 28. Qa5 Re5 29. Rc5 Rxd3 30. Rxe5 Bxe5
31. Qe1 Rxf3 32. Qxe4 Rg3+ 33. Kh1 Qxf1+ 34. Bg1 Qxg1#
0-1

[Event "2019 Standard Chess Dropout Tournament, Round 3"]
[Site "SchemingMind.com"]
[Date "2019.08.17"]
[Round "3"]
[White "Ramesh Panwar"]
[Black "Keithk"]
[Result "1-0"]
[WhiteCountry "IND"]
[BlackCountry "ENG"]
[WhiteElo "2573"]
[WhiteRD "76"]
[BlackElo "2539"]
[BlackRD "67"]
[GameID "444730"]

1. e4 d5 2. exd5 Qxd5 3. Nc3 Qa5 4. Nf3 Nf6 5. d4 c6 6. Be2 Bf5 7. Nh4 Be6 8. O-O Nbd7 9. Re1 h6 10. a4 g5
11. Nf3 Bg7 12. Bd2 Qc7 13. Bd3 O-O-O 14. a5 a6 15. Na4 Kb8 16. c4 Nh5 17. Be3 Nf4 18. Bf1 Bg4 19. h3 Bh5 20. b4 e5
21. b5 Nxh3+ 22. gxh3 exd4 23. Bd2 d3 24. Rb1 axb5 25. cxb5 c5 26. Bg2 Rhe8 27. Qb3 c4 28. Qa3 Bf8 29. Qa1 Bxf3 30. Bxf3 Bd6
31. Rxe8 Rxe8 32. b6
1-0

[Event "2019 Standard Chess Dropout Tournament, Round 3"]
[Site "SchemingMind.com"]
[Date "2019.08.17"]
[Round "3"]
[White "Ragged Rook"]
[Black "klagefall"]
[Result "1/2-1/2"]
[WhiteCountry "ENG"]
[BlackCountry "GER"]
[WhiteElo "1864"]
[WhiteRD "97"]
[BlackElo "2016"]
[BlackRD "123"]
[GameID "444731"]

1. e4 e5 2. Nf3 Nc6 3. Nc3 Nf6 4. Bb5 Bb4 5. O-O O-O 6. d3 d6 7. Bg5 Bxc3 8. bxc3 Qe7 9. Re1 Nd8 10. d4 c5
11. d5 h6 12. Bxf6 Qxf6 13. Bf1 Qe7 14. h3 f5 15. exf5 Bxf5 16. g4 Bxc2 17. Qxc2 Rxf3 18. Bg2 Rf4 19. Re4 Rxe4 20. Qxe4 Nf7
21. f4 Re8 22. Re1 Qf6 23. Qf5 Qxf5 24. gxf5 Kf8 25. a4 exf4 26. Re6 Rd8 27. f6 gxf6 28. Rxf6 Kg7 29. Rxf4 Re8 30. Kf2 Ne5
31. Bf1 Rf8 32. Rxf8 Kxf8 33. Ke3 Ke7 34. a5 Nd7 35. Kf4 Kf6 36. h4 Ne5 37. c4 Nd7 38. Bh3 Ne5 39. Bf1= b6 40. axb6 axb6
41. h5 Nd7 42. Bh3 Ne5 43. Bf1 Nd7 44. Bh3 Ke7 45. Bf1 Nb8 46. Kf5 Kf7 47. Be2 Na6 48. Bd3 Nc7 49. Be2 Na6=
1/2-1/2

[Event "2019 Standard Chess Dropout Tournament, Round 3"]
[Site "SchemingMind.com"]
[Date "2019.08.15"]
[Round "3"]
[White "Raymond de Kemp"]
[Black "Udo Sprang"]
[Result "0-1"]
[WhiteCountry "NED"]
[BlackCountry "NED"]
[WhiteElo "1723"]
[WhiteRD "81"]
[BlackElo "1958"]
[BlackRD "120"]
[GameID "444732"]

1. d4 Nf6 2. Bf4 d6 3. e3 c5 4. c3 Qb6 5. Qc2 g6 6. Nd2 Bg7 7. Bd3 Be6 8. Ngf3 O-O 9. dxc5 Qxc5 10. e4 Nbd7
11. Nb3 Qb6 12. Nbd4 Nc5 13. Nxe6 fxe6 14. O-O-O Nfxe4 15. Be3 Nxd3+ 16. Qxd3 Qc6 17. Kc2 Qa4+ 18. Kb1 Rac8 19. Rc1 Rf5 20. Rc2 Ra5
21. a3 Nxc3+ 22. Kc1 Rd5 23. Qf1 Na2+
0-1

[Event "2019 Standard Chess Dropout Tournament, Round 3"]
[Site "SchemingMind.com"]
[Date "2019.08.15"]
[Round "3"]
[White "Ronald R. Nurmi"]
[Black "kenneth m day"]
[Result "1-0"]
[WhiteCountry "USA"]
[BlackCountry "USA"]
[WhiteElo "1791"]
[WhiteRD "91"]
[BlackElo "1689"]
[BlackRD "51"]
[GameID "444733"]

1. d4 Nf6 2. Nc3 d5 3. Bf4 g6 4. Qd2 Bg7 5. Bh6 O-O 6. Bxg7 Kxg7 7. O-O-O Bf5 8. h3 Nbd7 9. Nf3 Re8 10. g4 Be4
11. Nxe4 Nxe4 12. Qe3 c6 13. h4 Qa5 14. Kb1 b5 15. Rd3 a6 16. Ra3 Qc7 17. h5 Ndf6 18. Ne5 Qd6 19. hxg6 fxg6 20. Bg2 Ng8
21. Bxe4 dxe4 22. Qxe4 Nf6 23. Qf4 h5 24. g5 Rf8 25. gxf6+ Rxf6 26. Qg3 Rh8 27. Rd3 Qe6 28. f4 a5 29. Rf3 Qf5 30. e3 Rh7
31. Qg5 Qe4 32. Rfh3 Kf8 33. Nd7+ Kf7 34. Nxf6 exf6 35. Qg3 Qf5 36. Qf3 Qe6 37. e4
1-0

[Event "2019 Standard Chess Dropout Tournament, Round 3"]
[Site "SchemingMind.com"]
[Date "2019.08.19"]
[Round "3"]
[White "sbb"]
[Black "Dan Geana"]
[Result "1/2-1/2"]
[WhiteCountry "USA"]
[BlackCountry "ROU"]
[WhiteElo "2564"]
[WhiteRD "93"]
[BlackElo "2610"]
[BlackRD "115"]
[GameID "444734"]

1. d4 Nf6 2. c4 e6 3. g3 d5 4. Nf3 Be7 5. Bg2 O-O 6. O-O dxc4 7. Qc2 a6 8. a4 Bd7 9. Qxc4 Bc6 10. Bf4 a5
11. Nc3 Na6 12. Rac1 Nb4 13. Ne5 Bxg2 14. Kxg2 Nfd5 15. Nxd5 Nxd5 16. Bd2 c6 17. Rfd1 f5 18. Qb3 Qb6 19. Qxb6 Nxb6 20. b3 Rfd8
21. Nd3 h6 22. h4 Nd7=
1/2-1/2

[Event "2019 Standard Chess Dropout Tournament, Round 3"]
[Site "SchemingMind.com"]
[Date "2019.08.19"]
[Round "3"]
[White "simon_w"]
[Black "Clive Everill"]
[Result "1-0"]
[WhiteCountry "IRL"]
[BlackCountry "CZE"]
[WhiteElo "1698"]
[WhiteRD "111"]
[BlackElo "1775"]
[BlackRD "63"]
[GameID "444735"]

1. e4 d5 2. exd5 Qxd5 3. Nc3 Qa5 4. d4 Nf6 5. Bd2 Bg4 6. Nf3 c6 7. h3 Bh5 8. g4 Bg6 9. Ne5 Nbd7 10. Nxg6 hxg6
11. Bd3 Nd5 12. g5 e6 13. Qe2 O-O-O 14. a3 Nxc3 15. Bxc3 Qxg5 16. Bd2 Qf6 17. Bc3 Qh4 18. O-O-O Nb6 19. Rdf1 Nd5 20. Ba5 Rd7
21. Qe5 Nf4 22. Bc4 f6 23. Qe3 Bd6 24. Bxe6 Nxe6 25. Qxe6 b6 26. Bc3 Qf4+ 27. Kb1 Qf5 28. Qc4 Rc7 29. Rd1 Kb7 30. Rhe1 Rxh3
31. Re6 b5 32. Qa2 Be7 33. Ba5 Rd7 34. Rde1 Bd6 35. a4 a6 36. axb5 axb5 37. Rxd6 Rxd6 38. Qf7+ Rd7 39. Re7 Rh1+ 40. Ka2 Rxe7
41. Qxe7+ Ka6 42. Qc7 Qd5+ 43. b3 Qxd4 44. Qxc6+ Kxa5 45. Qxh1 Qxf2 46. Qa8+ Kb4 47. Qa3+ Kc3 48. Qb2+ Kd2 49. c4+ Ke3 50. Qxf2+
1-0

[Event "2019 Standard Chess Dropout Tournament, Round 3"]
[Site "SchemingMind.com"]
[Date "2019.08.16"]
[Round "3"]
[White "Allan Sedstrem"]
[Black "JimM"]
[Result "0-1"]
[WhiteCountry "SCO"]
[BlackCountry "USA"]
[WhiteElo "1473"]
[WhiteRD "79"]
[BlackElo "1696"]
[BlackRD "85"]
[GameID "444737"]

1. e4 e5 2. Nf3 Nc6 3. Bc4 Nf6 4. O-O Bc5 5. a3 Nxe4 6. d3 Nd6 7. Bd5 Ne7 8. Nxe5 Nxd5 9. c4 Nf6 10. d4 Bxd4
0-1

[Event "2019 Standard Chess Dropout Tournament, Round 3"]
[Site "SchemingMind.com"]
[Date "2019.08.14"]
[Round "3"]
[White "splinter"]
[Black "Robert Pallett"]
[Result "0-1"]
[WhiteCountry "CAN"]
[BlackCountry "ENG"]
[WhiteElo "1812"]
[WhiteRD "76"]
[BlackElo "2370"]
[BlackRD "85"]
[GameID "444738"]

1. c4 Nf6 2. Nc3 g6 3. g3 Bg7 4. Nf3 O-O 5. Bg2 d6 6. O-O e5 7. d3 Nc6 8. a3 a5 9. Bg5 h6 10. Bd2 Bf5
11. Qc1 Kh7 12. Nh4 Be6 13. f4 exf4 14. gxf4 Nd4 15. Qd1 d5 16. cxd5 Nxd5 17. Nxd5 Bxd5 18. e4 Be6 19. Nf3 Bb3 20. Qb1 Nc2
21. Bc3 Nxa1 22. Qxa1 Bxc3 23. bxc3 Qxd3 24. Ne5 Qe3+ 25. Kh1 Rad8 26. Ng4 Qd2 27. Nf6+ Kg7 28. e5 Bc4 29. Ne4 Qe3 30. Qe1 Qxe1
31. Rxe1 b6 32. Kg1 Bd5 33. Rc1 Bxe4 34. Bxe4 Rd2 35. Bc6 Rfd8 36. a4 Rd1+ 37. Rxd1 Rxd1+
0-1

[Event "2019 Standard Chess Dropout Tournament, Round 3"]
[Site "SchemingMind.com"]
[Date "2019.08.19"]
[Round "3"]
[White "Stephen Woodhouse"]
[Black "Dicken"]
[Result "0-1"]
[WhiteCountry "ENG"]
[BlackCountry "GER"]
[WhiteElo "1874"]
[WhiteRD "97"]
[BlackElo "2248"]
[BlackRD "83"]
[GameID "444739"]

1. e4 g6 2. d4 Bg7 3. Nc3 d6 4. Nf3 a6 5. Bd3 Nd7 6. O-O c5 7. Be3 cxd4 8. Bxd4 Ngf6 9. e5 dxe5 10. Nxe5 O-O
11. Qe2 Nb6 12. Nf3 Bg4 13. Be5 Nbd7 14. Bd4 Re8 15. h3 Bh5 16. g4 e5 17. Nxe5 Nxe5 18. Bxe5 Nxg4 19. hxg4 Rxe5 20. Qd1 Qh4
0-1

[Event "2019 Standard Chess Dropout Tournament, Round 3"]
[Site "SchemingMind.com"]
[Date "2019.08.15"]
[Round "3"]
[White "surfnsuds"]
[Black "Helga1946"]
[Result "0-1"]
[WhiteCountry "USA"]
[BlackCountry "GER"]
[WhiteElo "1379"]
[WhiteRD "83"]
[BlackElo "2175"]
[BlackRD "72"]
[GameID "444740"]

1. d4 d5 2. c4 dxc4 3. Nf3 c6 4. Nc3 b5 5. e4 Nf6 6. e5 Nd5 7. Nxd5 cxd5 8. Nh4 a5 9. b3 e6 10. g3 Bb4+
11. Bd2 f6 12. Bxb4 axb4 13. Qh5+ Kd7 14. Qf7+ Qe7 15. Qh5 Nc6 16. Ng6 hxg6 17. Qxh8 Nxd4 18. bxc4 Bb7 19. Bg2 Rxh8 20. O-O bxc4
21. Rad1 Qc5
0-1

[Event "2019 Standard Chess Dropout Tournament, Round 3"]
[Site "SchemingMind.com"]
[Date "2019.08.19"]
[Round "3"]
[White "swayne"]
[Black "MichaelG"]
[Result "1-0"]
[WhiteCountry "ENG"]
[BlackCountry "GER"]
[WhiteElo "1829"]
[WhiteRD "96"]
[BlackElo "1928"]
[BlackRD "90"]
[GameID "444741"]

1. Nf3 d5 2. d4 Nf6 3. c4 e6 4. Nc3 Be7 5. e4 dxe4 6. Ne5 O-O 7. Be2 Nbd7 8. O-O c5 9. Nxd7 Qxd7 10. d5 Rd8
11. Qc2 b6 12. Nxe4 Nxe4 13. Qxe4 Bb7 14. Bd3 g6 15. Qe5 exd5 16. Bh6 Bf8 17. Bxf8 Rxf8 18. Rad1 d4 19. b3 Rfe8 20. Qf4 Re6
21. Qg4 Re7 22. Qxd7 Rxd7 23. h4 h5 24. Rfe1 Kf8 25. g3 Re8 26. Rxe8+ Kxe8 27. a4 Bf3 28. Rd2 Re7 29. Kf1 Bg4 30. Kg2 Re5
31. a5 Kd7 32. Ra2 Kc6 33. axb6 axb6 34. Ra7 Be2 35. Bxe2 Rxe2 36. Rxf7 Re6 37. Ra7 d3 38. Ra1 b5 39. Kf3 d2 40. Rd1 Rf6+
41. Ke3 Re6+ 42. Kxd2 Rd6+ 43. Ke2 Re6+ 44. Kf3 Rf6+ 45. Ke3 b4 46. Rd5 Re6+ 47. Kf3 Rf6+ 48. Ke2 Re6+ 49. Kd3 Rf6 50. f4 Rf5
51. Re5 Kd6 52. Ke4 Rf7 53. Rg5 Rf6 54. Rd5+ Kc6 55. Ke5
1-0

[Event "2019 Standard Chess Dropout Tournament, Round 3"]
[Site "SchemingMind.com"]
[Date "2019.08.19"]
[Round "3"]
[White "Udo Sprang"]
[Black "simon_w"]
[Result "1-0"]
[WhiteCountry "NED"]
[BlackCountry "IRL"]
[WhiteElo "1972"]
[WhiteRD "120"]
[BlackElo "1672"]
[BlackRD "109"]
[GameID "444742"]

1. e4 e5 2. f4 exf4 3. Nf3 g5 4. h4 g4 5. Ne5 Nf6 6. Bc4 d5 7. exd5 Bd6 8. d4 Nh5 9. Nc3 Bf5 10. Ne2 Nd7
11. Bb5 f3 12. gxf3 gxf3 13. Nc3 Bxe5 14. dxe5 Bg4 15. Qd4 Rg8 16. Bg5 Rxg5 17. hxg5 Qxg5 18. Ne4 f2+ 19. Nxf2 Bf5 20. e6 fxe6
21. Rxh5 Qg6 22. Bxd7+ Kxd7 23. dxe6+ Kxe6 24. Qe3+
1-0

[Event "2019 Standard Chess Dropout Tournament, Round 3"]
[Site "SchemingMind.com"]
[Date "2019.08.15"]
[Round "3"]
[White "Wojtek26"]
[Black "Austin Lockwood"]
[Result "0-1"]
[WhiteCountry "POL"]
[BlackCountry "ENG"]
[WhiteElo "1641"]
[WhiteRD "65"]
[BlackElo "1755"]
[BlackRD "118"]
[GameID "444743"]

1. d4 Nf6 2. e3 d5 3. c4 dxc4 4. Bxc4 e6 5. Nf3 c5 6. O-O a6 7. dxc5 Qxd1 8. Rxd1 Bxc5 9. a3 O-O 10. b4 b5
11. Bxb5 axb5 12. Bb2 Bb6 13. Bxf6 gxf6 14. Nbd2 Bb7 15. Rac1 Rxa3 16. Ne1 Na6 17. Nc2 Ra4 18. Rb1 Ra2 19. Ne1 Rd8 20. Nb3 Rxd1
21. Rxd1 Nxb4 22. Nf3 Bd5 23. Nbd4 Nd3
0-1

[Event "2019 Standard Chess Dropout Tournament, Round 4"]
[Site "SchemingMind.com"]
[Date "2019.12.14"]
[Round "4"]
[White "bmariusz"]
[Black "sbb"]
[Result "1-0"]
[WhiteCountry "POL"]
[BlackCountry "USA"]
[WhiteElo "2064"]
[WhiteRD "115"]
[BlackElo "2383"]
[BlackRD "95"]
[GameID "448943"]

1. e4 e5 2. Nf3 Nc6 3. Bb5 a6 4. Bxc6 dxc6 5. O-O Be7 6. Nxe5 Qd4 7. Nf3 Qxe4 8. d3 Qg6 9. Ne5 Qf5 10. Re1 Be6
11. Qf3 Qxf3 12. Nxf3 h6 13. Bf4 O-O-O 14. Be5 Bf8 15. a3 c5 16. d4 Bd5 17. dxc5 f6 18. Bf4 Bxc5 19. Nbd2 Rh7 20. Be3 Bf8
21. Bd4 Ne7 22. c4
1-0

[Event "2019 Standard Chess Dropout Tournament, Round 4"]
[Site "SchemingMind.com"]
[Date "2019.12.14"]
[Round "4"]
[White "Robert Bruce"]
[Black "Keithk"]
[Result "0-1"]
[WhiteCountry "SCO"]
[BlackCountry "ENG"]
[WhiteElo "2384"]
[WhiteRD "68"]
[BlackElo "2588"]
[BlackRD "73"]
[GameID "448944"]

1. d4 d5 2. Nf3 Nf6 3. c4 e6 4. Nc3 c6 5. g3 dxc4 6. Bg2 Nbd7 7. O-O b5 8. e4 Bb7 9. e5 Nd5 10. Ng5 h6
11. Nxe6 fxe6 12. Qh5+ Ke7 13. Ne4 Qe8 14. Bg5+ hxg5 15. Qxh8 Kd8 16. Nxg5 Kc8 17. a4 c5 18. Rfc1 cxd4 19. axb5 N5b6 20. b3 Bxg2
21. Kxg2 c3 22. Nf3 Kb7 23. Qh7 Nd5 24. Nxd4 Bc5 25. Qe4 Bxd4 26. Qxd4 N7b6 27. Ra5 Qe7 28. Rca1 Qb4 29. Qd3 Qc5 30. Qg6 Nc7
31. Qg4 Rf8 32. Rxa7+ Kb8 33. Qe2 g5 34. R7a5 Rd8 35. R1a2 Ncd5 36. Qe4 Rc8 37. Qh7 Qc7 38. Ra7 Qxh7 39. Rxh7 c2 40. Ra1 c1=Q
41. Rxc1 Rxc1 42. Rh6 Re1 43. Rxe6 Kc8 44. Rc6+ Kb7 45. Re6 Nc7 46. Rh6 Rxe5 47. Rh5 Nbd5 48. h3 Ne6 49. Kf1 Nf6 50. Rh8 Rxb5
51. h4 g4
0-1

[Event "2019 Standard Chess Dropout Tournament, Round 4"]
[Site "SchemingMind.com"]
[Date "2019.12.14"]
[Round "4"]
[White "clare1347"]
[Black "JimM"]
[Result "1-0"]
[WhiteCountry "ENG"]
[BlackCountry "USA"]
[WhiteElo "2284"]
[WhiteRD "88"]
[BlackElo "1752"]
[BlackRD "80"]
[GameID "448945"]

1. e4 e5 2. Nf3 Nc6 3. Bb5 a6 4. Ba4 Nf6 5. O-O Nxe4 6. d4 exd4 7. Re1 d5 8. Nxd4 Bd6 9. Nxc6 Bxh2+ 10. Kh1 Qh4
11. Rxe4+ dxe4 12. Qd8+ Qxd8 13. Nxd8+ Kxd8 14. Kxh2 Be6 15. c3 Ke7 16. Bf4 Rac8 17. Nd2 f5 18. f3 exf3 19. Nxf3 h6 20. Re1 Kf7
21. Nd4 Bc4 22. Nxf5 Kf6 23. Nd4 c5 24. Be5+ Kf7 25. Nf5 Rcd8 26. Nd6+ Kf8 27. Nxc4
1-0

[Event "2019 Standard Chess Dropout Tournament, Round 4"]
[Site "SchemingMind.com"]
[Date "2019.12.10"]
[Round "4"]
[White "Diadoco"]
[Black "George Dimitrov"]
[Result "0-1"]
[WhiteCountry "MEX"]
[BlackCountry "BUL"]
[WhiteElo "2047"]
[WhiteRD "101"]
[BlackElo "2480"]
[BlackRD "100"]
[GameID "448946"]

1. e4 e5 2. Nf3 Nc6 3. Bc4 Bc5 4. c3 Qe7 5. O-O Nf6 6. d4 Bb6 7. Re1 d6 8. h3 O-O 9. Bb3 h6 10. Na3 exd4
11. Nxd4 Re8 12. Kh1 Nxd4 13. cxd4 Nxe4 14. Bf4 Nxf2+
0-1

[Event "2019 Standard Chess Dropout Tournament, Round 4"]
[Site "SchemingMind.com"]
[Date "2019.12.14"]
[Round "4"]
[White "frankly"]
[Black "Dan Geana"]
[Result "1/2-1/2"]
[WhiteCountry "ENG"]
[BlackCountry "ROU"]
[WhiteElo "2601"]
[WhiteRD "74"]
[BlackElo "2613"]
[BlackRD "120"]
[GameID "448949"]

1. d4 d5 2. c4 e6 3. Nf3 Nf6 4. Nc3 Be7 5. Bg5 h6 6. Bh4 O-O 7. e3 Nbd7 8. Rc1 c5 9. dxc5 Nxc5 10. cxd5 g5
11. Bg3 Nxd5 12. Nxd5 Qxd5 13. Qxd5 exd5 14. Be2 Bd7 15. O-O Rac8 16. Be5 g4 17. Nd2 h5 18. Rfd1 f6 19. Bd4 Be6 20. Nb1 a6
21. Nc3 Ne4 22. h4 Nxc3 23. Rxc3 Rxc3 24. bxc3 b5 25. Kf1 f5 26. g3 Kf7 27. Rb1 Rc8 28. Bd3=
1/2-1/2

[Event "2019 Standard Chess Dropout Tournament, Round 4"]
[Site "SchemingMind.com"]
[Date "2019.12.10"]
[Round "4"]
[White "John Hamer"]
[Black "swayne"]
[Result "1-0"]
[WhiteCountry "ENG"]
[BlackCountry "ENG"]
[WhiteElo "2018"]
[WhiteRD "74"]
[BlackElo "1828"]
[BlackRD "97"]
[GameID "448952"]

1. d4 d5 2. c4 e6 3. Bf4 Nf6 4. Nc3 Bb4 5. e3 c5 6. Nf3 Nbd7 7. Be2 O-O 8. O-O Nb6 9. cxd5 exd5 10. dxc5 Bxc5
11. h3 Be6 12. Rc1 Be7 13. Nd4 a6 14. Bd3 Qd7 15. Re1 Rac8 16. Qd2 Rfe8 17. Qe2 Nc4 18. b3 Na3 19. Be5 b5 20. f4 Bb4
21. f5 Bxc3 22. fxe6 fxe6 23. Rf1 Rf8 24. Rxc3 Rxc3 25. Nxe6 Qxe6 26. Bxc3 Rc8 27. Bb4 Nc4 28. bxc4 dxc4 29. Bf5
1-0

[Event "2019 Standard Chess Dropout Tournament, Round 4"]
[Site "SchemingMind.com"]
[Date "2019.12.14"]
[Round "4"]
[White "Janusz Szopa"]
[Black "smothered mate"]
[Result "1-0"]
[WhiteCountry "POL"]
[BlackCountry "POL"]
[WhiteElo "2293"]
[WhiteRD "87"]
[BlackElo "2205"]
[BlackRD "85"]
[GameID "448953"]

1. e4 c5 2. Nf3 d6 3. d4 cxd4 4. Nxd4 Nf6 5. Nc3 g6 6. Be3 Bg7 7. f3 O-O 8. Qd2 Nc6 9. Be2 Bd7 10. O-O Rc8
11. Nxc6 Bxc6 12. a4 Qc7 13. Rfd1 a6 14. a5 Rfd8 15. Bb6 Qd7 16. Bxd8 Qxd8 17. Qe3 Nd7 18. f4 Nc5 19. e5 Qc7 20. Bg4 Re8
21. Nd5
1-0

[Event "2019 Standard Chess Dropout Tournament, Round 4"]
[Site "SchemingMind.com"]
[Date "2019.12.14"]
[Round "4"]
[White "JimM"]
[Black "Robert Bruce"]
[Result "0-1"]
[WhiteCountry "USA"]
[BlackCountry "SCO"]
[WhiteElo "1749"]
[WhiteRD "81"]
[BlackElo "2421"]
[BlackRD "68"]
[GameID "448954"]

1. e4 Nf6 2. e5 Nd5 3. d4 d6 4. Nf3 dxe5 5. Nxe5 c6 6. Be2 Bf5 7. Bd2 Nd7 8. f4 Nxe5 9. fxe5 e6 10. a3 Qh4+
11. g3 Qxd4 12. Bc3 Qe4
0-1

[Event "2019 Standard Chess Dropout Tournament, Round 4"]
[Site "SchemingMind.com"]
[Date "2019.12.14"]
[Round "4"]
[White "Sebastian Strauchler"]
[Black "Don71"]
[Result "0-1"]
[WhiteCountry "ARG"]
[BlackCountry "NIR"]
[WhiteElo "2228"]
[WhiteRD "125"]
[BlackElo "2355"]
[BlackRD "104"]
[GameID "448955"]

1. e4 c5 2. Nf3 d6 3. d4 cxd4 4. Nxd4 Nf6 5. Nc3 e5 6. Bb5+ Nbd7 7. Nf5 a6 8. Bxd7+ Qxd7 9. Bg5 Nxe4 10. Nxg7+ Bxg7
11. Nxe4 O-O 12. Qxd6 f6 13. Be3 Qg4 14. f3 Qxg2 15. Rf1 Qxh2 16. O-O-O Kh8 17. Qd3 Bf5 18. Rh1 Qg2 19. Bc5 Rfc8 20. Rdg1 Qxh1
21. Rxh1 Rxc5 22. Qb3 Rc7 23. c3 Rd8 24. Rd1 Bh6+ 25. Kc2 Rcd7 26. Rxd7 Rxd7 27. Qb6 Bg5 28. Kb3 Kg7 29. Nxg5 fxg5 30. Qc5 Be6+
31. Kb4 Kf6 32. Qf8+ Kg6 33. a4 Bf7 34. Qc8 Re7 35. c4 h5 36. a5 h4 37. Kc5 Be6 38. Qh8 Kf5 39. Qf8+ Rf7 40. Qd6 Kf6
41. Qd8+ Kg6 42. Qd3+ Rf5 43. Kd6 Bf7 44. Kc7 h3 45. Qe2 Rf4 46. b3 Kf6 47. Kxb7 Bh5 48. Kxa6 Bxf3 49. Qh2 g4 50. c5 Kf5
51. Qc2+ Kg5 52. Qb2 Rf5 53. Qd2+ Kh5 54. Qd7 Kg6 55. Qe8+ Kg5 56. Qd8+ Rf6+ 57. Kb5 Bc6+ 58. Kb6 g3 59. Qg8+ Rg6 60. Qh8 h2
61. Qxe5+ Kg4
0-1

[Event "2019 Standard Chess Dropout Tournament, Round 4"]
[Site "SchemingMind.com"]
[Date "2019.12.11"]
[Round "4"]
[White "Keithk"]
[Black "JPT"]
[Result "1-0"]
[WhiteCountry "ENG"]
[BlackCountry "INT"]
[WhiteElo "2588"]
[WhiteRD "73"]
[BlackElo "1810"]
[BlackRD "94"]
[GameID "448957"]

1. e4 e5 2. Nf3 Nc6 3. Bb5 a6 4. Ba4 Nf6 5. O-O d6 6. Re1 Be7 7. c3 O-O 8. d3 b5 9. Bc2 Bg4 10. h3 Bc8
11. d4 exd4 12. cxd4 d5 13. e5 Nd7 14. Nc3 Nb6 15. Ne2 f6 16. Nf4 fxe5 17. Nxe5 Nxe5 18. Rxe5 h6 19. Qd3 Rf6 20. Qh7+
1-0

[Event "2019 Standard Chess Dropout Tournament, Round 4"]
[Site "SchemingMind.com"]
[Date "2019.12.10"]
[Round "4"]
[White "klagefall"]
[Black "William Lindberg"]
[Result "0-1"]
[WhiteCountry "GER"]
[BlackCountry "USA"]
[WhiteElo "2012"]
[WhiteRD "129"]
[BlackElo "2482"]
[BlackRD "63"]
[GameID "448958"]

1. d4 Nf6 2. Nf3 d5 3. c4 e6 4. Bg5 Bb4+ 5. Nbd2 dxc4 6. Qc2 b5 7. Bxf6 Qxf6 8. a4 Bb7 9. axb5 O-O 10. O-O-O a6
11. Qxc4 Qe7
0-1

[Event "2019 Standard Chess Dropout Tournament, Round 4"]
[Site "SchemingMind.com"]
[Date "2019.12.10"]
[Round "4"]
[White "Thomas Jacob Kelly"]
[Black "frankly"]
[Result "0-1"]
[WhiteCountry "USA"]
[BlackCountry "ENG"]
[WhiteElo "1796"]
[WhiteRD "79"]
[BlackElo "2601"]
[BlackRD "74"]
[GameID "448959"]

1. e4 c5 2. Nf3 Nc6 3. Bb5 g6 4. O-O Bg7 5. c3 Nf6 6. e5 Nd5 7. d4 cxd4 8. cxd4 O-O 9. Nc3 Nc7 10. a4 d6
11. Bf4 dxe5 12. dxe5 Bg4 13. Bxc6 bxc6 14. Re1 Ne6 15. Bg3 Qb6 16. Rb1 Rfd8 17. Qe2 Bh6 18. b4 Bxf3 19. Qxf3 Bd2 20. Red1 Nd4
21. Qe4 Bxc3 22. a5 Qb5 23. f4 Ne2+ 24. Kf2 Bd4+ 25. Ke1 Nc3 26. Qc2 Nxd1 27. Rxd1 Be3
0-1

[Event "2019 Standard Chess Dropout Tournament, Round 4"]
[Site "SchemingMind.com"]
[Date "2019.12.11"]
[Round "4"]
[White "William Lindberg"]
[Black "Robert Pallett"]
[Result "1/2-1/2"]
[WhiteCountry "USA"]
[BlackCountry "ENG"]
[WhiteElo "2484"]
[WhiteRD "63"]
[BlackElo "2368"]
[BlackRD "90"]
[GameID "448960"]

1. c4 e5 2. Nc3 Nf6 3. Nf3 Nc6 4. g3 d5 5. cxd5 Nxd5 6. Bg2 Nb6 7. d3 Be7 8. O-O O-O 9. Be3 Re8 10. Rc1 Bf8
11. d4 exd4 12. Nxd4 Nxd4 13. Bxd4 c6 14. e4 Bg4 15. f3 Be6 16. b3 Ba3 17. Rb1 f5 18. Bf2 fxe4 19. Nxe4 Nd5 20. Qd4 Qe7
21. f4 Qb4 22. Qd3 Rad8 23. Bc5 Qa5 24. b4 Bxb4 25. Bxb4 Nxb4 26. Qc3 Qb6+ 27. Nc5 a5 28. a3 Rd3 29. Qc1 Rxa3 30. Kh1 Bf7
31. Qxa3 Qxc5 32. Rbe1 Ra8 33. Re5 Qb6 34. Qb2 Qd8 35. h4 b6 36. Rg5 Qf8 37. f5 a4 38. f6 g6 39. Qd4 a3 40. Qxb6 a2
41. Ra5 Nc2 42. Bxc6 Rxa5 43. Qxa5 a1=Q 44. Rxa1 Nxa1 45. Qxa1 Be6 46. Qe5 Kf7 47. g4 Qb4 48. Bf3 h6 49. Kg1 g5 50. hxg5 hxg5
51. Qxg5 Qd4+ 52. Kg2 Qxf6 53. Qh5+ Qg6=
1/2-1/2

[Event "2019 Standard Chess Dropout Tournament, Round 4"]
[Site "SchemingMind.com"]
[Date "2019.12.14"]
[Round "4"]
[White "Massey Ferguson"]
[Black "Diadoco"]
[Result "1-0"]
[WhiteCountry "ENG"]
[BlackCountry "MEX"]
[WhiteElo "2254"]
[WhiteRD "110"]
[BlackElo "2006"]
[BlackRD "101"]
[GameID "448961"]

1. d4 d5 2. c4 dxc4 3. e3 e5 4. Bxc4 exd4 5. exd4 Nf6 6. Nf3 Bd6 7. Qe2+ Qe7 8. Qxe7+ Bxe7 9. O-O O-O 10. Re1 Bd6
11. Bg5 Nbd7 12. Nc3 a6 13. Ne5 b5 14. Bd3 h6 15. Nxd7 Nxd7 16. Be7 Bxe7 17. Rxe7 c5 18. Be4 Rb8 19. Rd1 cxd4 20. Rxd4 Nf6
21. a3 Nxe4 22. Nxe4 Rb6 23. Nc5 Rc6 24. b4 g6 25. f3 Kg7 26. Kf2 Kf6 27. Re1 Be6 28. g3 Rfc8 29. h4 Kg7 30. Red1 Kf6
31. R4d2 Ke7 32. g4 Ke8 33. Kg3 Ke7 34. Kf4 Ra8 35. Rd4 a5 36. Nxe6 Kxe6 37. g5 hxg5+ 38. hxg5 f5 39. Re1+ Kf7 40. Rd7+ Kf8
41. Rh7 Rc4+ 42. Kg3 Ra6 43. Re5 axb4 44. Rxb5 Kg8 45. Rd7 Rc8 46. axb4 Re6 47. Rbb7 Rce8 48. b5 Kf8 49. b6 R8e7 50. Rxe7 Rxe7
51. Rxe7
1-0

[Event "2019 Standard Chess Dropout Tournament, Round 4"]
[Site "SchemingMind.com"]
[Date "2019.12.14"]
[Round "4"]
[White "MichaelG"]
[Black "Udo Sprang"]
[Result "1/2-1/2"]
[WhiteCountry "GER"]
[BlackCountry "NED"]
[WhiteElo "1882"]
[WhiteRD "80"]
[BlackElo "1949"]
[BlackRD "110"]
[GameID "448962"]

1. d4 Nf6 2. Nf3 c5 3. d5 d6 4. Nc3 a6 5. a4 e5 6. e4 Be7 7. Be2 Nbd7 8. O-O Nf8 9. Nd2 Ng6 10. a5 b5
11. axb6 Qxb6 12. Nc4 Qb8 13. Be3 O-O 14. h3 Bd7 15. b3 Qb4 16. Bd2 Qb7 17. Na2 Nxe4 18. Be3 Nf6 19. Rb1 Qxd5 20. Qxd5 Nxd5
21. Bf3 Nxe3 22. Nxe3 Nf4 23. Rfd1 Ra7 24. Nc3 Be6 25. Ncd5 Nxd5 26. Bxd5 g6 27. Ra1 Rd8 28. Nc4 Bxd5 29. Rxd5 f6 30. Na5 Rc7
31. Nc4 Rc6 32. Na5 Rc7 33. Nc4 Rc6=
1/2-1/2